000 00403 a2200145 4500
999 _c11951
_d11951
003 OSt
005 20240110200058.0
008 240110b ||||| |||| 00| 0 eng d
020 _a9783037786666
082 _a720
_bWAL
100 _aWalter Gropius; László Moholy-Nagy; Albert Gleizes
245 _aAlbert Gleizes: Cubism: Bauhausbücher 13
260 _bLars Müller Publishers
_c2021
942 _2ddc